MCSE training guide: networking essentials, / (Record no. 7433)

MARC details
000 -LEADER
fixed length control field 01267nam a22002297a 4500
008 - FIXED-LENGTH DATA ELEMENTS--GENERAL INFORMATION
fixed length control field 140425b xxu||||| |||| 00| 0 eng d
020 ## - INTERNATIONAL STANDARD BOOK NUMBER
International Standard Book Number 1562057499
050 ## - LIBRARY OF CONGRESS CALL NUMBER
Classification number QA76.3.C33
100 ## - MAIN ENTRY--PERSONAL NAME
Personal name Casad, Joe
245 ## - TITLE STATEMENT
Title MCSE training guide: networking essentials, /
Statement of responsibility, etc. Joe Casad, Dan Newland
246 ## - VARYING FORM OF TITLE
Title proper/short title Microsoft Certified Systems Engineer certification requirements - 4.0 track
260 ## - PUBLICATION, DISTRIBUTION, ETC.
Place of publication, distribution, etc. Indianapolis, IN:
Name of publisher, distributor, etc. New Riders,
Date of publication, distribution, etc. 1997.
300 ## - PHYSICAL DESCRIPTION
Extent xvii, 490 p.:
Other physical details ill.;
Accompanying material 1 CD-ROM [Missing]
500 ## - GENERAL NOTE
General note Includes index.
505 ## - FORMATTED CONTENTS NOTE
Formatted contents note Contents: Networking terms and concepts -- Networking standards -- Transmission media -- Network topologies and architectures -- Transport protocols -- Connectivity devices -- Connection services -- Managing and securing a Microsoft network -- Disaster recovery -- Network adapter cards -- NetBIOS names -- Monitoring the network -- Troubleshooting -- Appendixes: Overview of certification process -- Study tips -- What's on the CD-ROM -- All about TestPrep --
650 ## - SUBJECT ADDED ENTRY--TOPICAL TERM
Topical term or geographic name entry element Computer networks
650 ## - SUBJECT ADDED ENTRY--TOPICAL TERM
Topical term or geographic name entry element Electronic data processing personnel -- Certification.
650 ## - SUBJECT ADDED ENTRY--TOPICAL TERM
Topical term or geographic name entry element Microsoft software -- Examinations -- Study guides.
650 ## - SUBJECT ADDED ENTRY--TOPICAL TERM
Topical term or geographic name entry element Microsoft Windows (Computer file)
700 ## - ADDED ENTRY--PERSONAL NAME
Personal name Newland, Dan
942 ## - ADDED ENTRY ELEMENTS (KOHA)
Source of classification or shelving scheme Library of Congress Classification
Koha item type Books
Holdings
Withdrawn status Lost status Source of classification or shelving scheme Damaged status Not for loan Home library Current library Shelving location Date acquired Full call number Barcode Date last seen Price effective from Koha item type Public note
    Library of Congress Classification     WISCONSIN INTERNATIONAL UNIVERSITY COLLEGE, GHANA KUMASI LIBRARY WISCONSIN INTERNATIONAL UNIVERSITY COLLEGE, GHANA KUMASI LIBRARY General Stacks 15/11/2019 QA76.3.C33 K/2401/2401/19 03/07/2020 03/07/2020 Books [CD-ROM missing]

If you have any concerns or questions; kindly contact the library


© Powered by WIUC ICT DIRECTORATE